000 00745nam a2200241 i 4500
001 47685
003 ES-MaACL
005 20230906161617.0
007 t|
008 030519s2002 sp ||||1| spa d
020 _a84-8482-392-7
080 _a292(038)
100 1 _aMarch, Jenny.
_976392
245 1 0 _aDiccionario de mitología clásica /
_cJenny March ; traducción castellana de Teófilo de Lozoya.
260 _aMadrid :
_bCrítica,
_c[2002]
300 _a467 p. :
_bil. ;
_c25 cm.
490 1 _aReferencia Crítica
650 1 4 _aMitología clásica-
_vDiccionarios.
_915100
700 1 _aLozoya, Teófilo de.
_974479
830 0 _aReferencia Crítica
_9182213
852 _aES-MaACL
_jL-26334
_bR.132144
999 _c47685
_d47685